| 000 | 00409nam a2200133Ia 4500 | ||
|---|---|---|---|
| 008 | 220217s9999||||xx |||||||||||||| ||und|| | ||
| 020 | _a0-521-00859-X | ||
| 082 | _a621.382 2 HUN | ||
| 100 |
_aHunt, Brian, R Lipsman, Ronald, L _93509 |
||
| 245 | 0 | _aGuide to matlab: for beginners and experienced users | |
| 260 |
_aCambridge _bUnited Kingdom _c2002 |
||
| 300 | _b295 | ||
| 650 |
_aSIGNAL PROCESSING _9719 |
||
| 999 |
_c172073 _d172073 |
||